00950nam a2200277 a 45000010008000000030009000080050017000170080041000340100017000750200034000920400023001260430012001490500021001610820021001821000018002032450075002212600081002963000037003774400054004145000020004685040030004886500031005186510047005496510047005966510029006433756822BDDh-ASL20231015025659.0831004s1982 enkb b 001 0 eng  a 82146080  a0391023292 (Humanities Press) aDLCcDLCdBDDh-ASL aa-ii---00aDS479b.A87 198200a954.03219bASB 1 aAshton, S. R.10aBritish policy towards the Indian States, 1905-1939 /cby S.R. Ashton. aLondon :bCurzon Press ,aAtlantic Highlands, NJ :bHumanities Press,c1982. axiii, 231 p. :b2 maps ;c23 cm. 0aLondon studies on South Asia,x0142-601X ;vno. 2 aIncludes index. aBibliography: p. 216-224. 0aFederal governmentzIndia. 0aIndiaxPolitics and governmenty1857-1919. 0aIndiaxPolitics and governmenty1919-1947. 0aIndiaxKings and rulers.